| 000 | 00407cam a22001217a 4500 | ||
|---|---|---|---|
| 008 | 180718b1992 xxu||||| |||| 00| 0 eng d | ||
| 082 | _aB14 B17 | ||
| 100 | _aBakshi, P.M. | ||
| 245 |
_aMaintenance of wives, children and parents _cby P.M. Bakshi |
||
| 260 |
_aLucknow _bInstitute of Judicial Training & Research _c1992 |
||
| 300 | _a134p. | ||
| 650 | _aSupport (Domestic relations) --India --Criminal provisions | ||
| 999 |
_c492831 _d492831 |
||